00356nam a22001337a 4500020001500000040000900015082001600024100002100040110002300061245003700084250001700121260004700138650003700185 a9814126802 cNust a62.112bBOR aArthur P. Boresi aRichard J. Schmidt aAdvanced mechanics of Materials  a6th Edition  aNew York:bJohn Wiley and sons Inc,c2003. aAdvanced mechanics of Materials